Feyenoord Squad 24/25 - Statistics

General Stats
  • This quiz has been taken 85 times
    35 since last reset
  • The average score is 18 of 29
Answer Stats
# Nation Former Club Answer % Correct
33 Slovakia Sparta Prague David Hancko
83%
1 Netherlands Youth Justin Bijlow
83%
14 Brazil Cortiba Igor Paixao
79%
8 Netherlands Utrecht Quinten Timber
79%
9 Japan Cercle Brugge Ayase Ueda
76%
18 Austria LASK Gernot Trauner
76%
4 South Korea Red Star In-Beom Hwang
76%
6 Algeria Twente Ramiz Zerrouki
76%
29 Mexico Cruz Azul Santiago Gimenez
76%
23 Algeria Patro Eisden Anis Hadj Moussa
72%
16 Spain Wolves Hugo Bueno
72%
2 Netherlands Union SG Bart Nieuwkoop
69%
10 Netherlands Nice Calvin Stengs
69%
3 Netherlands PEC Zwolle Thomas Beelen
69%
22 Germany Anderlecht Timon Wellenreuther
66%
5 Netherlands Twente Gijs Smal
59%
38 Ghana Brighton Ibrahim Osman
59%
19 Argentina Philadelphia Julian Carranza
59%
17 Croatia Zagreb Luka Ivanusec
59%
11 Netherlands Youth Quilindschy Hartman
52%
27 Netherlands Youth Antoni Milambo
48%
15 Uruguay Juventus Facundo Gonzalez
48%
26 Netherlands Youth Givairo Read
48%
7 Poland Brighton Jakub Moder
45%
20 Costa Rica Alajuelense Jeyland Mitchell
45%
21 Bulgaria Levski Sofia Plamen Andreev
45%
30 Switzerland Nice Jordan Lotomba
41%
34 France Versailles Chris Nadje
34%
24 Netherlands Youth Gjivai Zechiel
31%
No matching quizzes found
Score Distribution
Percent of People with Each Score
Percentile by Number Answered
Your Score History
You have not taken this quiz since the last reset